Statistics for Civilization V: Unique Units

Click here to take the quiz!

General Stats

  • This quiz has been taken 52 times
  • The average score is 35 of 59

Answer Stats

CivilizationUnique UnitReplaces% Correct
EnglandLongbowmanCrossbowman
97%
GermanyPanzerTank
97%
RomeLegionSwordsman
94%
JapanSamuraiLongswordsman
94%
AmericaMinutemanMusketman
90%
FranceMusketeerMusketman
90%
AztecJaguarWarrior
84%
MongoliaKhanGreat General
84%
PersiaImmortalSpearman
81%
EnglandShip of the LineFrigate
77%
IndiaWar ElephantChariot Archer
77%
ArabiaCamel ArcherKnight
74%
RussiaCossackCavalry
74%
GreeceHopliteSpearman
74%
AustriaHussarCavalry
74%
OttomanJanissaryMusketman
74%
KoreaTurtle ShipCaravel
74%
PolandWinged HussarLancer
74%
JapanZeroFighter
74%
DenmarkBerserkerLongswordsman
71%
RomeBallistaCatapult
68%
AssyriaSiege TowerCatapult
68%
SpainConquistadorKnight
65%
ZuluImpiPikeman
65%
MongoliaKeshikKnight
65%
VeniceMerchant of VeniceGreat Merchant
65%
SpainTercioMusketman
65%
MoroccoBerber CavalryCavalry
61%
HunsBattering RamSpearman
58%
HunsHorse ArcherChariot Archer
58%
DenmarkNorwegian Ski InfantryRifleman
58%
KoreaHwach'aTrebuchet
55%
EgyptWar ChariotChariot Archer
55%
SwedenCaroleanRifleman
52%
ByzantiumCataphractHorseman
52%
ChinaChu-Ko-NuCrossbowman
52%
GreeceCompanion CavalryHorseman
52%
ByzantiumDromonTrireme
52%
IndonesiaKris SwordsmanSwordsman
52%
PortugalNauCaravel
52%
ShoshonePathfinderScout
52%
BabylonBowmanArcher
48%
VeniceGreat GalleassGalleass
48%
OttomanSipahiLancer
48%
AmericaB17Bomber
45%
CeltsPictish WarriorSpearman
45%
MayaAtlatlistArcher
42%
BrazilPracinhaInfantry
42%
NetherlandsSea BeggarPrivateer
42%
IroquoisMohawk WarriorSwordsman
39%
IncaSlingerArcher
39%
CarthageAfrican Forest ElephantHorseman
35%
PolynesiaMaori WarriorWarrior
35%
CarthageQuinqueremeTrireme
35%
ShoshoneComanche RiderCavalry
29%
EthiopiaMehal SefariRifleman
29%
SonghaiMandekalu CavalryKnight
23%
SiamNaresuan's ElephantKnight
23%
SwedenHakkapeliittaLancer
10%

Score Distribution

Percentile by Number Answered

Percent of People with Each Score

Your Score History

You have not taken this quiz